000 00564nam a2200205Ia 4500
003 GCL
008 140319s9999 xx 000 0 ara d
040 _aGCL /
_cGCL
082 0 4 _a701.18
_bز ن
100 1 _aزياد سالم حداد
245 1 0 _aالنقد الفنى : ابحاث فى النقد الفنى /
_cزياد سالم حداد
300 _a222 ص
490 _a
650 0 4 _aالنقد
650 0 4 _aالفن
650 0 4 _aالفنون
650 0 4 _aالفن - تاريخ ونقد
650 0 4 _aالنقد الفنى
942 _2ddc
_cBK
999 _c48337
_d48337